Aromatic plant-based phytoremediation: Socio-economic and agricultural sustainability (Record no. 396009)

MARC details
000 -LEADER
fixed length control field 00587 a2200217 4500
005 - DATE & TIME
control field 20260210104529.0
008 - FIXED-LENGTH DATA ELEMENTS--GENERAL INFORMATION
fixed length control field 260209b |||||||| |||| 00| 0 eng d
020 ## - ISBN
International Standard Book Number 9780443190827
Price $ 165.00
040 ## - CATALOGING SOURCE
Original cataloging agency VIVEKANANDA LIBRARY
082 ## - DDC NUMBER
Classification number 628.55
Book Number P192A
100 ## - MAIN ENTRY--PERSONAL NAME
Personal name Ancona, Valeria
110 ## - MAIN ENTRY--CORPORATE NAME
Corporate name
245 ## - TITLE STATEMENT
Title Aromatic plant-based phytoremediation: Socio-economic and agricultural sustainability
260 ## - PUBLICATION, DISTRIBUTION, ETC. (IMPRINT)
Name of publisher, distributor, etc Elsevier
Date of publication, distribution, etc 2024
Place of publication, distribution, etc Cambridge
300 ## - PHYSICAL DESCRIPTION
Pages xv, 242
650 ## - Subject
Subject Botany
650 ## - Subject
Subject Biaremediation
650 ## - Subject
Subject Phytoremediation
650 ## - Subject
Subject Aromatice Plant
942 ## - ADDED ENTRY ELEMENTS (KOHA)
Koha item type Books
Holdings
Withdrawn status Lost status Source of classification or shelving scheme Damaged status Not for loan Location (home branch) Sublocation or collection (holding branch) Shelving location Date acquired Koha issues (times borrowed) Koha full call number Accession No. Koha date last seen Koha item type
    Dewey Decimal Classification     VIVEKANANDA LIBRARY VIVEKANANDA LIBRARY Vivekananda Library 03/02/2026   628.55 P192A 444348 03/02/2026 Books
© Designed and Maintained by Vivekananda Library, MDU Rohtak